| 000 | 00357nam a2200133 i 4500 | ||
|---|---|---|---|
| 001 | bg | ||
| 100 | 1 | _aTABIŚ, Bolesław | |
| 245 | 0 |
_aMetody badania stanów stacjonarnych w kontaktowych reaktorach fluidyzacyjnych / _cB. Tabiś. |
|
| 260 |
_aKraków, _c1985. |
||
| 040 | _cBPK | ||
| 041 | _apol | ||
| 942 | _cKS | ||
| 008 | s pl f |000 0 pol | ||
| 999 |
_c23316 _d23316 |
||
| 856 |
_uhttp://koha.tu.koszalin.pl/cgi-bin/koha/opac-detail.pl?biblionumber=23316 _yKatalog online BPK |
||